The Black Death Transformed: Disease and Culture in Early Renaissance Europe (Record no. 617852)

MARC details
000 -LEADER
fixed length control field 00552nam a2200169 a 4500
008 - FIXED-LENGTH DATA ELEMENTS--GENERAL INFORMATION
fixed length control field 260318s2026##################000#0#eng##
020 ## - INTERNATIONAL STANDARD BOOK NUMBER
ISBN 9780340706473
Paper back/Hardbound pbk
082 04 - DEWEY DECIMAL CLASSIFICATION NUMBER
Classification number 362.19232094 COH
100 ## - MAIN ENTRY--AUTHOR NAME
Personal name Jr., Samuel K. Cohn
245 10 - TITLE STATEMENT
Title The Black Death Transformed: Disease and Culture in Early Renaissance Europe
Statement of responsibility, etc / Samuel K. Cohn Jr
250 ## - EDITION STATEMENT
Edition statement 1st ed.
260 ## - PUBLICATION, DISTRIBUTION, ETC. (IMPRINT)
Place of publication New York:
Name of publisher Arnold Publication,
Year of publication 2003.
300 ## - PHYSICAL DESCRIPTION
Number of Pages x,318p.
Dimensions ;23cm.
650 ## - SUBJECT ADDED ENTRY--TOPICAL TERM
Topical Term Social services related to specific diseases
942 ## - ADDED ENTRY ELEMENTS (KOHA)
Koha item type English Books
Holdings
Withdrawn status Lost status Damaged status Not for loan Home library Current library Shelving location Date acquired Full call number Accession Number Price effective from Koha item type
        Anna Centenary Library Anna Centenary Library 4TH FLOOR, A WING 18.03.2026 362.19232094COH 313399 18.03.2026 English Books

Find us on the map